|
|
|
|
| LEADER |
00000nam a2200000 a 4500 |
| 001 |
vtls008320631 |
| 003 |
SK-MaSNL |
| 005 |
20260301204612.0 |
| 008 |
181127s1957 xo 000 slo |
| 015 |
|
|
|a SKSNBA1958/01-00063
|
| 035 |
|
|
|a SK01SNK19580012848
|
| 035 |
|
|
|a SKM000015311
|
| 040 |
|
|
|a SNK
|b slo
|c SNK
|e AACR2
|
| 041 |
1 |
|
|a slo
|
| 044 |
|
|
|a xo
|c SK
|
| 080 |
|
|
|a 635(084.12)
|2 1981
|
| 245 |
1 |
0 |
|a Našim záhradkárom
|
| 260 |
|
|
|a Bratislava
|b Reklama
|b Propagač.-aranžérsky podnik SSSD
|c 1957
|e Martin
|f Severoslovenské tlačiarne
|
| 300 |
|
|
|a [16] s.
|c 8°
|
| 500 |
|
|
|a Ilustr.
|
| 500 |
|
|
|a Obál. tit.
|
| 500 |
|
|
|a Vyd. Propagač.-aranžérsky podnik SSSD
|
| 650 |
0 |
7 |
|a záhradkárstvo
|2 SNKPH
|9 2728
|
| 655 |
|
7 |
|a príručky
|2 SNKPH
|9 74364
|
| 852 |
|
|
|a Slovenská národná knižnica v Martine
|b 10000
|h SD 14591
|
| 852 |
|
|
|a Slovenská národná knižnica v Martine
|b 10000
|h SD 14591 D1
|
| 958 |
|
|
|a OND
|
| 958 |
|
|
|a TL
|
| 958 |
|
|
|a RK
|
| 958 |
|
|
|a BQ
|
| 999 |
|
|
|c 907031
|d 908961
|
| 952 |
|
|
|a SNK
|b SNK
|y PREZ
|7 0
|p 17A0519696
|o snkSD 14591
|i snkKSP 3887/57
|0 0
|1 0
|4 0
|d 2006-09-29
|l 0
|r 2025-11-27 00:00:00
|w 2026-02-24
|
| 952 |
|
|
|a SNK
|b SNK
|y VYP
|7 0
|p 17A0654315
|o snkSD 14591 D1
|i snkKSP 3888/57
|3 rekatalogizácia
|0 0
|1 0
|4 0
|d 2007-05-21
|l 0
|r 2026-02-24 07:32:37
|w 2026-02-24
|